| 000 | 01625cam a22004574i 4500 | ||
|---|---|---|---|
| 003 | PE-LiUPU | ||
| 005 | 20250731173152.0 | ||
| 008 | 150623s r 000 0 d | ||
| 020 | _a0761974369 | ||
| 035 | _a(Sirsi) i9780761974369 | ||
| 040 |
_aPE-LiUPU _bspa _cPE-LiUPU _erda |
||
| 049 | _aPRUA | ||
| 082 | 0 | 4 |
_a270.6 _bB31 _221 |
| 100 | 1 |
_aBeckham, William A., _eautor. |
|
| 245 | 1 | 4 |
_aThe second reformation: reshaping the church for the twenty-first century / _cWilliam A. Beckham. |
| 264 | 1 |
_aHouston, TX : _bTouch Publications, _c1997. |
|
| 300 |
_a253 páginas : _bilustraciones Tablas, gráficos diagrámas ; _c23 centímetros |
||
| 336 |
_atext _2rdacontent |
||
| 337 |
_aunmediated _2rdamedia |
||
| 338 |
_avolume _2rdacarrier |
||
| 504 | _aIncluye bibliografía. | ||
| 505 | 0 | _aWhy a second reformation?. Foundations for a second reformation. Jesus' revolutionary design for the church. | |
| 526 | _aSEG42 | ||
| 526 | _aSEG41 | ||
| 526 | _aSEG40 | ||
| 526 | _aSEG39 | ||
| 526 | _aP94 | ||
| 526 | _aP87 | ||
| 526 | _aP86 | ||
| 526 | _aP85 | ||
| 526 | _aP77 | ||
| 526 | _aP76 | ||
| 526 | _aP35 | ||
| 650 | 0 | 4 |
_aIglesia _xReforma _ySiglo XXI. |
| 942 |
_2ddc _cBOOK |
||
| 949 |
_a270.6 B31 _wDEWEY _c1 _i53483 _lCCODEBUL1 _mBUL _p15.00 _r0 _sY _tBOOK _u2015-6-24 _xTEOLOGIA _PP35 _0COMPRA _o.STAFF. Colección General |
||
| 994 |
_aC0 _bPEPRU |
||
| 596 | _a1 | ||
| 999 |
_a270.6 B31 _wDEWEY _c35459 _i53483 _f2021-11-11 _g5 _lCCODEBUL1 _mBUL _p15.00 _r0 _sY _tBOOK _u2015-6-24 _xTEOLOGIA _PP35 _0COMPRA _o.STAFF. Colección General _d35459 |
||
| 980 |
_81 _gALBERTO SANCHEZ Responsable de Automatización |
||